Fungos ectomicorrízicos em plantações de nogueira-pecã e o potencial da truficultura no Brasil (Registro n. 299037)
[ somente texto ]
| 000 -LÍDER | |
|---|---|
| fixed length control field | 03134nab a2200337 i 4500 |
| 003 - CÓDIGO MARC DA AGÊNCIA CATALOGADORA | |
| Campo de controle | BR-BrBNA |
| 005 - DATA E HORA DA ÚLTIMA ATUALIZAÇÃO | |
| Campo de controle | 20240402142921.0 |
| 008 - CAMPO DE TAMANHO FIXO | |
| fixed length control field | 240402b2019 bl.qr|pooa||| 00| 0 por | |
| 040 ## - FONTE DA CATALOGAÇÃO | |
| Agência catalogadora | BR-BrBNA |
| Idioma da catalogação | por |
| 072 ## - CATEGORIA AGRIS | |
| Código AGRIS | P34 |
| Código do objeto | 1240 |
| 100 ## - ENTRADA PRINCIPAL - NOME PESSOAL | |
| Nome pessoal | Sulzbacher, Marcelo Aloisio |
| 100 ## - ENTRADA PRINCIPAL - NOME PESSOAL | |
| Nome pessoal | Hamann, Jonas Janner |
| 100 ## - ENTRADA PRINCIPAL - NOME PESSOAL | |
| Nome pessoal | Fronza, Diniz |
| 100 ## - ENTRADA PRINCIPAL - NOME PESSOAL | |
| Nome pessoal | Jacques, Rodrigo Josemar Seminoti |
| 100 ## - ENTRADA PRINCIPAL - NOME PESSOAL | |
| Nome pessoal | Giachini, Admir José |
| 100 ## - ENTRADA PRINCIPAL - NOME PESSOAL | |
| Nome pessoal | Grebenc, Tine |
| 100 ## - ENTRADA PRINCIPAL - NOME PESSOAL | |
| Nome pessoal | Antoniolli, Zaida Inês |
| 245 ## - TÍTULO PRINCIPAL | |
| Título principal | Fungos ectomicorrízicos em plantações de nogueira-pecã e o potencial da truficultura no Brasil |
| 500 ## - NOTA GERAL | |
| Nota geral | Publicação on-line; Bibliography p. 984-987 (56 ref.); 3 tables; 1 illus.; Summaries (En, Pt) |
| 942 ## - ADDED ENTRY ELEMENTS (KOHA) | |
| Koha item type | |
| 520 ## - NOTA DE RESUMO | |
| Nota de conteúdo | <br/>Resumo<br/><br/>Os estudos envolvendo a nogueira-pecã têm evoluído consideravelmente nos últimos anos no Brasil. Esta<br/>cultura foi introduzida no país no início do século passado e tornou-se importante comercialmente após os<br/>anos de 1960, principalmente na região sul. A nogueira-pecã é comprovadamente um simbionte, formando<br/>diversas associações mutualísticas com fungos ectomicorrízicos do solo. Assim, a presente revisão tem como<br/>objetivos apresentar os estudos sobre os fungos ectomicorrízicos em plantações comerciais de nogueirapecã <br/>no Brasil, destacar a importância agrícola e ambiental desta simbiose, e o potencial da micorrização<br/>controlada da nogueira-pecã, visando à produção de espécies desejadas de trufas, notadamente do gênero<br/>Tuber, em pomares comerciais, uma atividade econômica de alta rentabilidade.<br/><br/>Palavras-chave: Inoculação de fungos; Trufas comestíveis; Produção florestal; Tuberaceae |
| 520 ## - NOTA DE RESUMO | |
| Nota de conteúdo | <br/>Abstract<br/><br/>Studies involving pecan tree have evolved considerably in recent years in Brazil. Pecans were introduced<br/>in the country at the beginning of the last century, and became commercially important after the 1960´s,<br/>primarily in the South region. Pecan trees form several ECM associations with mutualistic fungi. Thus,<br/>the aims of the present review were to show research data using ECM fungi in commercial pecan orchards<br/>in Brazil, present the agricultural and environmental importance of this symbiosis, and show the potential<br/>of man-driven mycorrhyzation with pecan, aiming at the production of selected truffles, notably of the<br/>genus Tuber, in commercial orchards, a highly profitable economic activity.<br/><br/>Keywords: Fungal inoculation; Edible truffles; Forest production; Tuberaceae |
| 650 ## - ASSUNTO - THESAGRO | |
| Cabeçalho tópico ou nome geográfico | INOCULAÇÃO |
| 650 ## - ASSUNTO - THESAGRO | |
| Cabeçalho tópico ou nome geográfico | FUNGO |
| 650 ## - ASSUNTO - THESAGRO | |
| Cabeçalho tópico ou nome geográfico | MICORRIZA |
| 650 ## - ASSUNTO - THESAGRO | |
| Cabeçalho tópico ou nome geográfico | NOZ PECÃ |
| 650 ## - ASSUNTO - THESAGRO | |
| Cabeçalho tópico ou nome geográfico | CARYA ILLINOINENSIS |
| 773 0# - ENTRADA ANALÍTICA | |
| Host Biblionumber | 4065 |
| Registro do item | 313933 |
| Imprenta | Santa Maria-RS Universidade Federal de Santa Maria - Centro de Pesquisas Florestais.Departamento de Ciências Florestais. Programa de Pós-Graduação em Engenharia Florestal 1991 |
| Outro identificador | 2024-0204 |
| Título | Ciência Florestal (Brazil) |
| ISSN | 0103-9954; 1980-5098 (on-line) |
| Colação | v. 29(2) p. 975-987; (Apr-Jun 2019) |
| Número de controle de registro | BR2023001655 |
| 856 ## - ACESSO E ENDEREÇO ELETRÔNICO | |
| Identificador uniforme de recurso - URI | https://www.scielo.br/j/cflo/a/Dq5jDrh97xmLJk6hKDBMTFF/?format=pdf&lang=pt |
Nenhum exemplar disponível.

BINAGRI